000 00613nam a2200217 4500
003 IIN
005 20250604120032.0
008 231217s2024 xx adc 001 0 eng d
020 _a9789356962354
040 _aIIN
_bEnglish
082 _a610.7362
_bDAT
100 1 _aDatta, Parul
245 1 _aPediatric Nursing Procedures/
_cParul Datta
260 _aNew Delhi
_bJaypee
_c2023
300 _ax, 214p.
_ecol. ill.; 4 Plate
500 _aIncludes Index
505 _aComplementary of Pediatric Nursing Procedures
650 1 _aPediatric
_vProcedures
650 1 _aPediatric
_vNursing
_xProcedures
942 _cBOOK
999 _c1660
_d1660